LEADER 00886nam a2200229 i 4500 001 000000137117 003 CaOOAMICUS 005 20050407000000.0 008 050407s1974 it u000 u ita u 013 $a110854 040 $aSeMil$bita 100 1 $aTobino, Mario <1910-1991>.$0(OLS)http://semarc/name/18320 245 10$aBiondo era e bello /$cMario Tobino. 260 $a[Milano] :$bArnoldo Mondadori Editore,$c1974. 300 $a195 p. ;$c21 cm. 490 0 $aScrittori italiani e stranieri 830 0$aScrittori italiani e stranieri.$0(OLS)http://semarc/title/2727 850 $aSeMil 852 $aSeMil$W1$xVenegono$y1$m1A I 160$j263448$B90681$CSeMilBibl$Z2$F95537 $81 961 $aOmaggio: Poma mons. Gianfranco 996 $6245$aBiondo era e bello$9(OLS)http://semarc/title/200339 996 $6260$a[Milano] :$bArnoldo Mondadori Editore$9(OLS)http://semarc/publisher/29634 LEADER 01073nam a2200217 i 4500 001 000000008218 003 CaOOAMICUS 005 20180830125439.0 008 180830s1835 it u000 u ita u 040 $aSeMil$bita 100 1 $aLorenzoni, Antonio,$d<1755-1840>.$0(OLS)http://semarc/name/4177 245 10$aInstituzioni del diritto pubblico interno pel Regno lombardo-veneto /$copera del dott. Antonio Lorenzoni. 260 $aPadova :$bCoi tipi della Minerva :$b[poi]... Cartallier e Sicca,$c1835. 300 $a6 v. ;$c24 cm. 650 4$aLombardo-Veneto <1815-1859> - Diritto e legislazione.$0(OLS)http://semarc/subject/1315 774 0 $tVol. 1.$g1$w()211183 774 0 $tVol. 3.$g3$w()250910 774 0 $tVol. 2.$g2$w()250911 774 0 $tAppendice per gli anni 1831, 1832, 1833, 1834 con l'indice generale delle materie.$g[4$w()250912 996 $6245$aInstituzioni del diritto pubblico interno pel Regno lombardo-veneto$9(OLS)http://semarc/title/10930 996 $6260$aPadova :$bCoi tipi della Minerva :$b[poi]... Cartallier e Sicca$9(OLS)http://semarc/publisher/32244